| 000 | 00698cam a22002413a 4500 | ||
|---|---|---|---|
| 001 | 21944 | ||
| 003 | PGUSA | ||
| 005 | 20140828083451.0 | ||
| 008 | 070626s2007||||xxu|||||s|||||000 1 eng d | ||
| 040 |
_aPGUSA _beng |
||
| 042 | _adc | ||
| 050 | 4 | _aPS | |
| 100 | 1 |
_aLeonard, Mary Finley, _d1862- |
|
| 245 | 1 | 4 |
_aThe Pleasant Street Partnership : _bA Neighborhood Story _h[electronic resource] / _cMary Finley Leonard |
| 260 |
_bProject Gutenberg, _c2007 |
||
| 506 | _aPublic domain in the USA. | ||
| 516 | _aElectronic text | ||
| 653 | _aFiction | ||
| 700 | 1 |
_aMerrill, Frank T., _d1848- |
|
| 830 | 0 |
_aProject Gutenberg _v21944 |
|
| 856 | 4 | 0 | _uhttp://www.gutenberg.org/ebooks/21944 |
| 942 | _cEB | ||
| 999 |
_c251199 _d251199 |
||